000 00956nam a22003017a 4500
001 BR8002759
003 BR-BrBNA
005 20230928090613.0
007 ta
008 230509b bl.||||| |||| 00| 0 por d
040 _aBR-BrBNA
_bpor
_cBiblioteca Nacional de Agricultura
041 _a(Por)
072 _aE30; P12
_b/G514
_b/GZ12
090 _ E30 BR8002759
110 1 _aEmpresa Brasileira de Assistencia Tecnica e Extensao Rural, Brasilia, DF
_93797
245 1 _aO Sistema Brasileiro de Assistencia Tecnica e Extensao Rural - SIBRATER - na regiao semi-arida do Nordete - uma proposta de acao [Brasil]
260 3 _aBrasilia, DF (Brasil):
_c[nd].
300 _a23 p.
500 _aPublished 1980?
650 _aProjeto de desenvolvimento
650 _aIrrigacao
650 _aAssistencia tecnica
650 _aExtensao rural
650 _aZona semi-arida
650 _aNordeste
909 _a202309
_bLucia
_c55
_dLucia Elande
942 _cBK
999 _c29587
_d29587